Countries of the Belgian Empire - Statistics

General Stats
  • This quiz has been taken 1,814 times
  • The average score is 4 of 6
Answer Stats
% Occupied Country % Correct
100 D.R. Congo
96%
100 Belgium
89%
100 Rwanda
67%
100 Burundi
64%
< 1 China
35%
< 1 Morocco
15%
No matching quizzes found
Score Distribution
Percent of People with Each Score
Percentile by Number Answered
Your Score History
You have not taken this quiz